[Event "BCF-chT4S 2324 (4NCL)"]
[Site "England"]
[Date "2023.11.18"]
[Round "1.75"]
[White "Kilbane, Archie"]
[Black "Vanjare, Aditya"]
[Result "0-1"]
[WhiteElo "1429"]
[BlackElo "1550"]
[PlyCount "43"]
[EventDate "2024.02.11"]
[EventType "team-swiss"]
[EventRounds "11"]
[EventCountry "ENG"]
[SourceTitle "EXT 2025"]
[Source "ChessBase"]
[SourceDate "2024.10.14"]
[SourceVersion "1"]
[SourceVersionDate "2024.10.14"]
[SourceQuality "1"]
[WhiteTeam "Iceni II"]
[BlackTeam "ToBeDecided"]
[WhiteTeamCountry "ENG"]
[BlackTeamCountry "ENG"]

1. e4 e6 2. d4 d5 3. exd5 exd5 4. Nc3 Nf6 5. Nf3 Bg4 6. h3 Bh5 7. Be2 h6 8. 0-0 Bd6 9. Bb5+ c6 10. Re1+ Be7 11. Be2 Qc7 12. Nh4 Bxe2 13. Qxe2 g6 14. Nxg6 fxg6 15. Qe6 Kf8 16. Ne2 Kg7 17. Bxh6+ Rxh6 18. Nf4 Bd6 19. Re3 Bxf4 20. Rf3 Qd7 21. Qxd7+ Nbxd7 22. Rxf4 0-1

[Event "Wch FIDE Online U16 Europe qual"]
[Site "Tornelo INT"]
[Date "2020.12.09"]
[Round "6"]
[White "Vanjare, Aditya"]
[Black "Povilaitis, Tomas"]
[Result "0-1"]
[WhiteElo "1493"]
[BlackElo "2019"]
[PlyCount "54"]
[EventDate "2020.12.07"]
[EventType "swiss (rapid)"]
[EventRounds "7"]
[EventCountry "ISS"]
[SourceTitle "EXT 2022"]
[Source "ChessBase"]
[SourceDate "2021.10.06"]
[SourceVersion "1"]
[SourceVersionDate "2021.10.06"]
[SourceQuality "1"]

1. d4 Nf6 2. Bf4 g6 3. Nc3 Bg7 4. e4 d5 5. e5 Nfd7 6. Qd2 c5 7. dxc5 Nxe5 8. Bb5+ Nbc6 9. Qxd5 0-0 10. 0-0-0 Qa5 11. Nge2 Be6 12. Qe4 Bf5 13. Qe3 Ng4 14. Qf3 Nb4 15. Bd3 Nxa2+ 16. Nxa2 Qxa2 17. Nc3 Qa1+ 18. Nb1 Qxb2+ 19. Kd2 Bxd3 20. Kxd3 Rfd8+ 21. Ke2 Qxc2+ 22. Nd2 e5 23. Qxg4 exf4 24. Qxf4 Re8+ 25. Kf3 Qd3+ 26. Kg4 f5+ 27. Kg5 Qd8# 0-1

[Event "Wch FIDE Online U16 Europe qual"]
[Site "Tornelo INT"]
[Date "2020.12.07"]
[Round "1"]
[White "Vanjare, Aditya"]
[Black "Patrelakis, Evaggelos"]
[Result "0-1"]
[WhiteElo "1493"]
[BlackElo "1727"]
[PlyCount "42"]
[EventDate "2020.12.07"]
[EventType "swiss (rapid)"]
[EventRounds "7"]
[EventCountry "ISS"]
[SourceTitle "EXT 2022"]
[Source "ChessBase"]
[SourceDate "2021.10.06"]
[SourceVersion "1"]
[SourceVersionDate "2021.10.06"]
[SourceQuality "1"]

1. d4 Nf6 2. Bf4 g6 3. Nc3 d5 4. e3 Bg7 5. Nf3 0-0 6. Bd3 c5 7. dxc5 Nbd7 8. 0-0 Nxc5 9. Re1 Qb6 10. Rb1 a6 11. Qe2 Rd8 12. Nd4 h6 13. h3 Nh5 14. Nb3 e5 15. Bh2 e4 16. Nxc5 Qxc5 17. Bxe4 dxe4 18. Nxe4 Qc6 19. Nc3 Be6 20. g4 Nf6 21. a3 Bc4 0-1

[Event "EU-ch Online U16"]
[Site "Tornelo INT"]
[Date "2020.09.19"]
[Round "5"]
[White "Vanjare, Aditya"]
[Black "Meskenas, Paulius"]
[Result "0-1"]
[WhiteElo "1493"]
[BlackElo "1751"]
[PlyCount "126"]
[EventDate "2020.09.18"]
[EventType "swiss (rapid)"]
[EventRounds "9"]
[EventCountry "NET"]
[SourceTitle "EXT 2023"]
[Source "ChessBase"]
[SourceDate "2022.10.05"]
[SourceVersion "1"]
[SourceVersionDate "2022.10.05"]
[SourceQuality "1"]
[WhiteTeam "Kanalinseln"]
[BlackTeam "Denmark"]
[WhiteTeamCountry "JCI"]
[BlackTeamCountry "DEN"]

1. d4 Nf6 2. Bf4 g6 3. Nc3 d5 4. e3 Bg7 5. h4 h5 6. Nb5 Na6 7. c3 c6 8. Na3 Nc7 9. Nf3 Ne6 10. Bh2 0-0 11. Bd3 Re8 12. Nc2 Nf8 13. Ne5 Qb6 14. b3 a5 15. Rb1 Be6 16. 0-0 Rec8 17. c4 c5 18. Qe2 Qd8 19. dxc5 Rxc5 20. Nd4 dxc4 21. Bxc4 Bxc4 22. Nxc4 Ng4 23. Bg3 Bf6 24. Rfd1 Bxd4 25. Rxd4 Rd5 26. Rxd5 Qxd5 27. Nb6 Qe4 28. Rd1 Ra6 29. Nc4 Nf6 30. Rd4 Qb1+ 31. Rd1 Qe4 32. f3 Qe6 33. Qd2 a4 34. Qb4 axb3 35. axb3 Nd5 36. Qd2 Nf6 37. Bf4 b5 38. Na5 Qb6 39. b4 Ne6 40. Be5 Ra8 41. Nb3 Rd8 42. Nd4 Nxd4 43. exd4 Rd5 44. Bxf6 Qxf6 45. Qf2 e5 46. Qa2 Qd6 47. Qe2 Rxd4 48. Rxd4 Qxd4+ 49. Kf1 Qxb4 50. Qxe5 Qc4+ 51. Kg1 b4 52. Qe8+ Kh7 53. Qe5 b3 54. Qb8 Qd4+ 55. Kh1 Qxh4+ 56. Kg1 Qc4 57. Qb7 Kg7 58. Qb6 Qc3 59. g4 hxg4 60. fxg4 b2 61. Kg2 Qc2+ 62. Kh3 b1Q 63. Qd4+ Kh7 0-1

[Event "BCF-ch U13"]
[Site "Bournemouth"]
[Date "2016.08.05"]
[Round "7"]
[White "Jaberansari, Daniel"]
[Black "Vanjare, Aditya"]
[Result "1-0"]
[WhiteElo "1570"]
[BlackElo "1150"]
[PlyCount "175"]
[EventDate "2016.07.31"]
[EventType "swiss"]
[EventRounds "7"]
[EventCountry "ENG"]
[SourceTitle "CBM 173 Extra"]
[Source "ChessBase"]
[SourceDate "2016.08.29"]
[SourceVersion "1"]
[SourceVersionDate "2016.08.29"]
[SourceQuality "1"]

1. e4 e5 2. Nf3 Nc6 3. d4 exd4 4. Nxd4 Bc5 5. Nxc6 Qf6 6. Qe2 bxc6 7. Be3 Bxe3 8. Qxe3 Qxb2 9. Qc3 Qc1+ 10. Ke2 Ba6+ 11. Kf3 g5 12. Bxa6 Qxh1 13. Qxh8 Qd1+ 14. Be2 g4+ 15. Ke3 Qxc2 16. Qxg8+ Ke7 17. Qxa8 Qc5+ 18. Kd2 Qd4+ 19. Bd3 Qxf2+ 20. Kc3 Qc5+ 21. Kd2 Qf2+ 22. Be2 Qd4+ 23. Kc2 Qxe4+ 24. Bd3 Qa4+ 25. Kd2 Qf4+ 26. Ke2 Qe5+ 27. Kd1 Qd4 28. Kd2 Qf2+ 29. Kd1 Qd4 30. Nd2 Qxa1+ 31. Bb1 Qd4 32. Qb7 Qg1+ 33. Kc2 Qc5+ 34. Kb2 Qd4+ 35. Ka3 Qxd2 36. Qb4+ Qd6 37. Bxh7 c5 38. Qe4+ Kd8 39. Qxg4 c4+ 40. Kb2 Qd2+ 41. Bc2 Qb4+ 42. Kc1 Qa3+ 43. Kd1 Qd6+ 44. Ke1 Qe5+ 45. Qe2 Qa1+ 46. Bd1 Qc3+ 47. Kf1 Qd3 48. Qxd3 cxd3 49. Ke1 c5 50. Kd2 c4 51. Kc3 d5 52. Kd4 Ke7 53. h3 Kf6 54. a3 Kg5 55. a4 a5 56. Ke3 f5 57. Bf3 f4+ 58. Kd2 d4 59. Bd5 Kh4 60. Bxc4 Kg3 61. Bd5 Kf2 62. Kxd3 f3 63. gxf3 Kg3 64. Kxd4 Kxh3 65. Kc5 Kg3 66. Kb5 Kf4 67. Kxa5 Ke5 68. Kb6 Kxd5 69. a5 Ke5 70. a6 Kd5 71. a7 Ke5 72. a8Q Kd4 73. Qd8+ Ke5 74. Kc6 Kf4 75. Kd5 Kg3 76. Qf8 Kf2 77. Kd4 Kg3 78. Ke4 Kg2 79. Qf4 Kf1 80. Ke3 Kg1 81. Qc4 Kg2 82. f4 Kh3 83. f5 Kg3 84. f6 Kg2 85. f7 Kh3 86. f8Q Kh2 87. Qg4 Kh1 88. Qh8# 1-0